[Event "GER-chT U10"]
[Site "Magdeburg"]
[Date "2015.12.28"]
[Round "4.4"]
[White "Meurer, Calvin"]
[Black "Nanu, Andreas Christian"]
[Result "0-1"]
[WhiteElo "1106"]
[BlackElo "1078"]
[PlyCount "69"]
[EventDate "2015.12.27"]
[EventType "team-swiss"]
[EventRounds "7"]
[EventCountry "GER"]
[SourceTitle "EXT 2017"]
[Source "ChessBase"]
[SourceDate "2016.10.25"]
[SourceVersion "1"]
[SourceVersionDate "2016.10.25"]
[SourceQuality "1"]
[WhiteTeam "Halle Roter Turm"]
[BlackTeam "Porz SG"]
[WhiteTeamCountry "GER"]
[BlackTeamCountry "GER"]

1. d4 d5 2. c4 e6 3. Nc3 Bb4 4. Bd2 Nf6 5. c5 Nc6 6. Nf3 0-0 7. e3 Bxc3 8. Bxc3 Ne4 9. Qc2 h6 10. Bd3 Nxc3 11. Qxc3 Re8 12. 0-0 Qf6 13. Bb5 Bd7 14. Bxc6 Bxc6 15. h3 Bb5 16. Rfe1 c6 17. Ne5 Rad8 18. a4 Ba6 19. b3 Qf5 20. f3 f6 21. e4 dxe4 22. fxe4 Qg5 23. Nf3 Qg3 24. Qc2 e5 25. Qf2 Qxf2+ 26. Kxf2 exd4 27. Red1 d3 28. Ke3 Kf7 29. Ne1 Ke6 30. Nxd3 b6 31. cxb6 axb6 32. Nf4+ Ke5 33. Nd3+ Bxd3 34. Rxd3 Rxd3+ 35. Kxd3 0-1

[Event "GER-chT U10"]
[Site "Magdeburg"]
[Date "2015.12.27"]
[Round "1.4"]
[White "Kemper, Matti"]
[Black "Meurer, Calvin"]
[Result "0-1"]
[WhiteElo "780"]
[BlackElo "1106"]
[PlyCount "28"]
[EventDate "2015.12.27"]
[EventType "team-swiss"]
[EventRounds "7"]
[EventCountry "GER"]
[SourceTitle "EXT 2017"]
[Source "ChessBase"]
[SourceDate "2016.10.25"]
[SourceVersion "1"]
[SourceVersionDate "2016.10.25"]
[SourceQuality "1"]
[WhiteTeam "Halle Roter Turm II"]
[BlackTeam "Halle Roter Turm"]
[WhiteTeamCountry "GER"]
[BlackTeamCountry "GER"]

1. e4 c5 2. Nc3 d6 3. Nf3 Nc6 4. Bc4 Nf6 5. 0-0 g6 6. h3 Bg7 7. d3 0-0 8. Bg5 Bd7 9. Qc1 Qb6 10. Na4 Qc7 11. Bh6 Nd4 12. Nxd4 cxd4 13. Bxg7 Kxg7 14. c3 dxc3 0-1

[Event "GER-chT U10"]
[Site "Magdeburg"]
[Date "2014.12.27"]
[Round "2.1"]
[White "Meurer, Calvin"]
[Black "Mueller, Richard1"]
[Result "0-1"]
[WhiteElo "946"]
[BlackElo "1187"]
[PlyCount "78"]
[EventDate "2014.12.27"]
[EventType "team-swiss"]
[EventRounds "7"]
[EventCountry "GER"]
[SourceTitle "EXT 2016"]
[Source "ChessBase"]
[SourceDate "2015.10.08"]
[SourceVersion "1"]
[SourceVersionDate "2015.10.08"]
[SourceQuality "1"]
[WhiteTeam "Halle Roter Turm II"]
[BlackTeam "Aue Nickelhuette"]
[WhiteTeamCountry "GER"]
[BlackTeamCountry "GER"]

1. d4 d5 2. Nc3 Bf5 3. Bf4 e6 4. Nf3 Nf6 5. e3 Bb4 6. Bb5+ Nc6 7. Ne5 0-0 8. Bxc6 Ne4 9. 0-0 Nxc3 10. bxc3 Bxc3 11. Rb1 bxc6 12. Nxc6 Qd7 13. Nb4 Qa4 14. Nd3 Qxa2 15. Rb3 Ba5 16. c3 Bxd3 17. Qa1 Qxb3 18. Rd1 Bxc3 19. Qc1 Bc2 20. Rf1 Rab8 21. h3 Bd3 22. Rd1 Qb1 23. Qxb1 Rxb1 24. Rxb1 Bxb1 25. Bxc7 a5 26. Bd6 Rc8 27. Ba3 Bb4 28. Bxb4 axb4 29. g4 Be4 30. f3 Bxf3 31. Kf2 Bxg4 32. hxg4 b3 33. Kf3 b2 34. Kg3 b1Q 35. Kg2 Qe4+ 36. Kh3 Rc3 37. Kh4 Rxe3 38. Kh5 Rh3+ 39. Kg5 f6# 0-1

[Event "GER-chT U10"]
[Site "Magdeburg"]
[Date "2013.12.28"]
[Round "1.4"]
[White "Meurer, Calvin"]
[Black "Goelitz, Lia"]
[Result "0-1"]
[WhiteElo "783"]
[BlackElo "755"]
[PlyCount "62"]
[EventDate "2013.12.27"]
[EventType "team-swiss"]
[EventRounds "5"]
[EventCountry "GER"]
[SourceTitle "EXT 2015"]
[Source "ChessBase"]
[SourceDate "2014.11.20"]
[SourceVersion "1"]
[SourceVersionDate "2014.11.20"]
[SourceQuality "1"]
[WhiteTeam "Doellnitz"]
[BlackTeam "Stadtilm Blau Weiss II"]
[WhiteTeamCountry "GER"]
[BlackTeamCountry "GER"]

1. e4 e5 2. Nf3 Nc6 3. Bb5 a6 4. Bxc6 bxc6 5. Nxe5 Bc5 6. d4 Bb4+ 7. Bd2 Bxd2+ 8. Nxd2 Nf6 9. 0-0 Bb7 10. Ng4 0-0 11. Nxf6+ Qxf6 12. e5 Qe7 13. Ne4 c5 14. d5 Qxe5 15. f3 Bxd5 16. Qd2 Rab8 17. b3 Bxe4 18. fxe4 Qxe4 19. Qxd7 Qxc2 20. Rxf7 Rxf7 21. Qe6 Rbf8 22. h3 Qd2 23. Rf1 Qd4+ 24. Kh1 Qh4 25. Rxf7 Rxf7 26. Qe8+ Rf8 27. Qe6+ Kh8 28. Kh2 Rf6 29. Qe8+ Rf8 30. Qe6 Qd8 31. Qxa6 Rf6 0-1

[Event "GER-chT U10"]
[Site "Magdeburg"]
[Date "2013.12.28"]
[Round "3.4"]
[White "Meurer, Calvin"]
[Black "Reuter, Elisa"]
[Result "1/2-1/2"]
[WhiteElo "783"]
[BlackElo "833"]
[PlyCount "65"]
[EventDate "2013.12.27"]
[EventType "team-swiss"]
[EventRounds "5"]
[EventCountry "GER"]
[SourceTitle "EXT 2015"]
[Source "ChessBase"]
[SourceDate "2014.11.20"]
[SourceVersion "1"]
[SourceVersionDate "2014.11.20"]
[SourceQuality "1"]
[WhiteTeam "Doellnitz"]
[BlackTeam "Erfurt Empor II"]
[WhiteTeamCountry "GER"]
[BlackTeamCountry "GER"]

1. e4 e5 2. Nf3 Nc6 3. Bc4 Bc5 4. 0-0 Nf6 5. Nc3 0-0 6. Nd5 Nxd5 7. Bxd5 d6 8. d3 Bg4 9. Be3 Bxe3 10. fxe3 Qd7 11. Qe2 Rab8 12. Rf2 Ne7 13. Raf1 a6 14. Bb3 Ng6 15. h3 Be6 16. Ng5 Bxb3 17. axb3 f6 18. Nf3 b5 19. d4 exd4 20. exd4 Rbe8 21. Qe1 d5 22. e5 Re7 23. Qe3 Qe8 24. Rd1 c5 25. Re2 cxd4 26. Qxd4 Re6 27. c3 Rf7 28. Qe3 Rfe7 29. Kf2 fxe5 30. Ng5 d4 31. cxd4 exd4 32. Qxe6+ Rxe6 33. Rxe6 1/2-1/2

[Event "Sachsen-ch U08 op"]
[Site "Sebnitz"]
[Date "2013.11.01"]
[Round "8"]
[White "Meurer, Calvin"]
[Black "Kahlsdorf, Hendrik"]
[Result "1-0"]
[WhiteElo "783"]
[BlackElo "898"]
[PlyCount "101"]
[EventDate "2013.10.28"]
[EventType "swiss"]
[EventRounds "9"]
[EventCountry "GER"]
[SourceTitle "EXT 2018"]
[Source "ChessBase"]
[SourceDate "2017.10.13"]
[SourceVersion "1"]
[SourceVersionDate "2017.10.13"]
[SourceQuality "1"]

1. e4 e5 2. Nf3 Nc6 3. d4 exd4 4. Nxd4 Nxd4 5. Qxd4 Nf6 6. Bd3 Be7 7. e5 Ng8 8. Nc3 d6 9. exd6 cxd6 10. Qxg7 Bf6 11. Qg3 Qe7+ 12. Be3 Bxc3+ 13. bxc3 Qc7 14. Bd2 Qe7+ 15. Qe3 Qxe3+ 16. Bxe3 Nf6 17. Bd4 Ke7 18. 0-0 Rg8 19. Rfe1+ Kf8 20. Bxf6 Bh3 21. g3 Re8 22. Rxe8+ Kxe8 23. Bxh7 Rg4 24. Re1+ Kd7 25. Bf5+ Kc6 26. Bxg4 Bxg4 27. Re4 Bf5 28. Rf4 Bxc2 29. h4 b5 30. h5 a5 31. h6 b4 32. cxb4 axb4 33. Rxb4 Kc5 34. Rh4 d5 35. h7 Bxh7 36. Rxh7 d4 37. Bg5 d3 38. Rxf7 Kc4 39. a4 Kb4 40. Rd7 Kxa4 41. Rb7 Ka5 42. Kf1 Ka6 43. Rb1 d2 44. Bxd2 Ka7 45. Ke2 Ka8 46. Kd3 Ka7 47. Kc4 Ka6 48. Kc5 Ka7 49. Kc6 Ka8 50. Kc7 Ka7 51. Ra1# 1-0

[Event "GER-chT U10"]
[Site "Magdeburg"]
[Date "2012.12.28"]
[Round "5.4"]
[White "Flach, Clemens"]
[Black "Meurer, Calvin"]
[Result "0-1"]
[WhiteElo "740"]
[BlackElo "771"]
[PlyCount "68"]
[EventDate "2012.12.27"]
[EventType "team-swiss"]
[EventRounds "7"]
[EventCountry "GER"]
[SourceTitle "EXT 2014"]
[Source "ChessBase"]
[SourceDate "2013.11.20"]
[SourceVersion "1"]
[SourceVersionDate "2013.11.20"]
[SourceQuality "1"]
[WhiteTeam "Langen"]
[BlackTeam "Doellnitz"]
[WhiteTeamCountry "GER"]
[BlackTeamCountry "GER"]

1. e4 d5 2. Nc3 dxe4 3. Nxe4 e5 4. d3 Nc6 5. Bg5 Be7 6. Be3 Nf6 7. Nxf6+ Bxf6 8. c3 0-0 9. d4 exd4 10. cxd4 Nxd4 11. Bxd4 Bxd4 12. Bd3 Qf6 13. f3 Qh4+ 14. g3 Qe7+ 15. Kf1 Qe3 16. Qc2 Bd7 17. Bxh7+ Kh8 18. Bd3 Ba4 19. b3 Bc6 20. h3 b6 21. Rh2 Bxa1 22. Re2 Qc5 23. Qd2 Bd4 24. Qf4 Kg8 25. Qh4 f6 26. Bh7+ Kf7 27. f4 Bxg1 28. g4 Rfe8 29. Rd2 Qb4 30. Rg2 Qxf4+ 31. Kxg1 Bxg2 32. Kxg2 Re2+ 33. Kg1 Qh2+ 34. Kf1 Qg2# 0-1

[Event "GER-chT U10"]
[Site "Magdeburg"]
[Date "2012.12.28"]
[Round "3.4"]
[White "Koehler, Dirk"]
[Black "Meurer, Calvin"]
[Result "1/2-1/2"]
[WhiteElo "880"]
[BlackElo "771"]
[PlyCount "89"]
[EventDate "2012.12.27"]
[EventType "team-swiss"]
[EventRounds "7"]
[EventCountry "GER"]
[SourceTitle "EXT 2014"]
[Source "ChessBase"]
[SourceDate "2013.11.20"]
[SourceVersion "1"]
[SourceVersionDate "2013.11.20"]
[SourceQuality "1"]
[WhiteTeam "Saalfeld"]
[BlackTeam "Doellnitz"]
[WhiteTeamCountry "GER"]
[BlackTeamCountry "GER"]

1. e4 d5 2. exd5 Qxd5 3. Nc3 Qa5 4. Nf3 c6 5. Be2 e5 6. 0-0 Bc5 7. Nxe5 Bxf2+ 8. Rxf2 Qxe5 9. d4 Qc7 10. Bf4 Qd8 11. Bd3 Nf6 12. Re2+ Be6 13. Bf5 Qd7 14. Bxe6 fxe6 15. Qf1 0-0 16. Qf3 Qxd4+ 17. Be3 Qh4 18. Bf2 Qh5 19. Qxh5 Nxh5 20. Bc5 Rf5 21. Rxe6 Rxc5 22. Rf1 Nd7 23. Rf7 Nb6 24. Ne4 Kxf7 25. Nxc5 Re8 26. Rxe8 Kxe8 27. Nxb7 Nc4 28. b3 Ne3 29. c3 Nd1 30. c4 Nf6 31. b4 Nc3 32. a3 Nb1 33. a4 Nd7 34. b5 cxb5 35. axb5 Na3 36. c5 Nxb5 37. c6 Ne5 38. g3 Nxc6 39. Kf2 a5 40. Nxa5 Nxa5 41. Kf3 Nd6 42. h3 Nf5 43. Kf4 g6 44. g4 Ng7 45. Kg5 1/2-1/2